Conserving biological with scarce resources (Registro nro. 11193)

Detalles MARC
000 -CABECERA
Campo de control 004440000a22001570004500
090 ## - CLASIFICACIÓN LOCAL
Colección AR
Consecutivo 02117
041 0# - IDIOMA
Código de idioma para texto/pista de sonido o título separado
100 1# - ASIENTO PRINCIPAL--NOMBRE PERSONAL
Nombre personal Polasky, Stephen
245 10 - MENCION DE TITULO
Título Conserving biological with scarce resources
650 14 - ASIENTO SECUNDARIO DE MATERIA - TERMINO TEMATICO
Término temático o nombre geográfico como elemento de entrada Gestión ambiental
650 14 - ASIENTO SECUNDARIO DE MATERIA - TERMINO TEMATICO
Término temático o nombre geográfico como elemento de entrada Conservación
650 14 - ASIENTO SECUNDARIO DE MATERIA - TERMINO TEMATICO
Término temático o nombre geográfico como elemento de entrada Valoración de la biodiversidad
700 1# - ASIENTO SECUNDARIO - NOMBRE PERSONAL
Nombre personal Solow, Andrew R.
773 1# - Item fuente:
Título Preprint
Especificación de materiales 3
Paginas del Articulo 1-21
Lugar, editorial y fecha de publicación 1997
942 ## - ELEMENTOS ADICIONALES (KOHA)
Tipo de ítem Artículo
Existencias
Withdrawn status Lost status Damaged status No para préstamo Colección Ubicación Permanente Ubicación actual Fecha de adquisición Fuente de Valor Datos de publicación Seriada Total Checkouts Número topográfico Inventario / Código de Barras Date last seen Ejemplar Price effective from Forma de adquisición Tipo de material
      No para Préstamo Hemeroteca Bogotá Bogotá 27/02/2015 CID Humboldt Fuera de circulación   AR 02117 012493 25/03/2015 1 25/03/2015   Artículo